=LDR 00000nam 2200000 4500 =001 INLIS000000000025170 =005 20130612123711 =008 ***********************************ind** =035 ##$$0010-061300000025170 =041 ##$$a ind =082 ##$$a 701.15 =090 ##$$a 701.15, WAT s =100 ##$$a Waterkeyn, Sarah =245 ##$$a Seri kreasi sendiri Bunga Kering, Sarah Waterkeyn; alih bahasa, Esther S.Mandjani =260 ##$$a 1997 $b Bogor =300 ##$$a 125 hlm., ilus., 30 cm =650 ##$$a Kreasi Bunga Kering =850 ##$$a NBPNMAT =990 ##$$a 3614636146 =990 ##$$a 01201436146